| 000 | 00512cam a2200217 4500 | ||
|---|---|---|---|
| 008 | 090401t1995 xxu||||| |||| 00| 0 eng d | ||
| 020 | _a0406052247 | ||
| 035 | _a(Sirsi) u39337 | ||
| 041 | _aeng | ||
| 050 | _a346.4102 | ||
| 100 | _aTreitel, G.H. | ||
| 245 | 3 | _aAn outline of the law of contract. | |
| 250 | _a5th ed. | ||
| 260 |
_aLondon _bButterworths _c1995 |
||
| 300 | _axlviii,427p. ; 22cm. | ||
| 350 | _a17.95 | ||
| 650 | _aCONTRACT LAW | ||
| 690 | _aLAW | ||
| 942 | _n0 | ||
| 948 | _c04/03/1997 | ||
| 999 |
_c90761 _d90761 |
||